| 000 | 00923nam a2200253 a 4500 | ||
|---|---|---|---|
| 001 | 629 | ||
| 003 | BR-CuiBMT | ||
| 005 | 20231110231856.0 | ||
| 008 | 231110s2016 bab 000 0 por d | ||
| 020 | _a9788544211601 | ||
| 040 |
_aBR-CuiBMT _cBR-CuiBMT |
||
| 080 |
_22007 _a347.91/.95(079.1) _x(079.1) |
||
| 090 |
_a347.91/.95 (079.1) _bM141n |
||
| 100 | 1 | _aMacêdo, Lucas Buril de | |
| 245 |
_aNovo direito processual civil: _bquestões comentadas / _cLucas Buril de Macêdo, Ravi Peixoto, Murilo Teixeira Avelino. |
||
| 260 |
_aSalvador: _bJusPODIVM, _c2016 |
||
| 300 |
_a584 p. ; _c23 cm |
||
| 500 | _aQuestões inéditas e de concursos públicos adaptadas, todas com base no Novo Código de processo civil, respondidas e comentadas. | ||
| 504 | _ainclui bibliografia. | ||
| 650 |
_aDireito processual civil _xQuestões comentadas |
||
| 700 | _aPeixoto, Ravi | ||
| 700 | _4Avelino, Murilo Teixeira | ||
| 942 |
_2udc _cLV |
||
| 999 |
_c629 _d629 |
||